Relatório e parecer prévio sobre as contas do governo da República : (Record no. 1413)

MARC details
000 -LÍDER
Campo Fixo de Controle 00793nam a2200217 a 4500
001 - NÚMERO DE CONTROLE
Campo de Controle 1413
003 - IDENTIFICAÇÃO DO NÚMERO DE CONTROLE
Campo de Controle BR-CuiBMT
005 - DATA E HORA DA ÚLTIMA ATUALIZAÇÃO
Campo de Controle 20231207004339.0
008 - DADOS FIXOS
Dados Fixos 231128s2011 dfba 000 0 por d
040 ## - AGÊNCIA CATALOGADORA
Código da Agência Catalogadora BR-CuiBMT
Agência que transcreveu o registro BR-CuiBMT
080 ## - Nº DA CLASSIFICAÇÃO DECIMAL UNIVERSAL
Nº Class. CDU 336.132.1
Subd. Auxiliar Comum (81)
Nº edição CDU 2007
090 ## - NÚMERO DE CHAMADA
Nº classificação 336.132.1(81)
Cutter B823r
110 1# - ENTRADA PRINCIPAL -- ENTIDADE
Nome da entidade ou lugar Brasil.
Unidade subordinada Tribunal de Contas da União.
245 10 - TÍTULO PRINCIPAL
Título principal Relatório e parecer prévio sobre as contas do governo da República :
Subtítulo Exercício de 2010 /
Indicação de responsabilidade Tribunal de Contas da União ; Ministro Aroldo Cedraz, relator.
260 ## - PUBLICAÇÃO, DISTRIBUIÇÃO, ETC.
Local de publicação Brasília :
Editora TCU,
Data 2011.
300 ## - DESCRIÇÃO FÍSICA
N. páginas ou volumes 530 p. :
Ilustrações il. color. ;
Dimensões 23 cm
650 ## - ASSUNTO TÓPICO
Cabeçalho tópico ou nome geográfico Administração pública
Subdivisão geográfica Brasil
650 ## - ASSUNTO TÓPICO
Cabeçalho tópico ou nome geográfico Prestação de contas
Subdivisão geral Relatório
Subdivisão geográfica Brasil
650 ## - ASSUNTO TÓPICO
Cabeçalho tópico ou nome geográfico Tribunal de Conta da União (TCU)
Subdivisão geográfica Brasil
942 ## - ELEMENTOS DE ENTRADA ADICIONAIS (KOHA)
Fonte de classificação ou esquema de arquivamento Classificação Decimal Universal
Tipo de item do Koha Livros
Holdings
Estado: removido Estado: perdido Fonte de classificação ou esquema de arquivamento Estado: danificado Indisponível para empréstimo Localização permanente Localização atual Data de aquisição Total Checkouts Número de Chamada completo Código de barras Date last seen Número do exemplar Preço efetivo a partir de Tipo de item (Koha)
    Classificação Decimal Universal     Biblioteca da Escola Superior de Contas do TCE/MT Biblioteca da Escola Superior de Contas do TCE/MT 06/12/2023   336.132.1(81) B823r BIBTCEMT23120297 07/12/2023 Ex. 1 07/12/2023 Livros
    Classificação Decimal Universal     Biblioteca da Escola Superior de Contas do TCE/MT Biblioteca da Escola Superior de Contas do TCE/MT 06/12/2023   336.132.1(81) B823r BIBTCEMT23120649 16/12/2023 Ex. 2 07/12/2023 Livros

Powered by Koha